| 000 | 01284nam a2200349 c 4500 | ||
|---|---|---|---|
| 003 | BLK | ||
| 005 | 20220720144744.0 | ||
| 008 | 180411b bul|||||r ||||||| ||bul|| | ||
| 010 | _aKNG00182382000 | ||
| 040 | _aBLK | ||
| 041 |
_aBUL _cBUL |
||
| 080 |
_aБългарска литература _b821.163.2 _x-4 _z821.163.2-4 |
||
| 080 |
_aВоенна история - Военни походи, битки, героични подвизи. Вж и 93/99 _b355.48 _x(497.2)(0:82-4) _z355.48(497.2)(0:82-4) |
||
| 100 | 1 |
_aТашев, Борис Георгиев _9379629 |
|
| 139 |
_aТашев, Борис _bТ 42 |
||
| 245 | 1 | 0 |
_aДоброволци _bЗаписки _cБорис Ташев. |
| 257 | _aBGR | ||
| 260 |
_аСофия _bДърж. воен. изд. _c1957 |
||
| 300 |
_a224 с. _c18 см |
||
| 380 | _a3 | ||
| 500 | _a3 000 тир. | ||
| 650 | 4 |
_aВоенна история - България - спомени _9251305 |
|
| 651 | 4 |
_aБългария _9241624 |
|
| 653 | _aОтечествена война | ||
| 653 | _aдоброволци | ||
| 653 | _aзаписки | ||
| 852 | _aЦб І 1809 | ||
| 856 | 4 |
_qpdf _u |
|
| 856 | 4 |
_qpdf _u |
|
| 942 |
_cKNG _n0 |
||
| 944 |
_aCR _c23.09.2015 _lф / _kКамелия_Данева |
||
| 944 |
_aED _c01.12.2017 _lф / _kЛюдмила_Стоянова |
||
| 999 |
_c173937 _d173937 |
||